000 00731nam a2200241 i 4500
001 92657
003 ES-MaACL
005 20230906181027.0
007 t|
008 050413s1976 sp ||||1| spa d
020 _a84-375-0075-3
080 _a81'37
100 1 _aGuiraud, Pierre.
_960893
245 1 3 _aLa semántica /
_cpar Pierre Guiraud.
250 _a1ª ed. en español, 3ª reimp.
260 _aMadrid :
_bFondo de Cultura Económica,
_c1976.
300 _a114 p. ;
_c17 cm.
490 1 _aBreviarios del Fondo de Cultura Económica ;
_v153
650 1 4 _aSemántica.
_917037
830 0 _aBreviarios del Fondo de Cultura Económica ;
_v153
_9179682
852 _aES-MaACL
_jE-10962
_bR.135805
999 _c92657
_d92657